000 00439nam a22001577a 4500
082 _a624.171
_bJUN
_cD
100 _aJunnarkar S.B
_942702
110 _aUnion Book Stall Karachi
_942703
245 _aMechanics of Structures
260 _aKarachi
300 _a546p.:
_bill.;
526 _a0
_b0
_c0
_d624_171000000000000_JUN
526 _a0
_b0
_c0
_d624_171000000000000_JUN
526 _a0
_b0
_c0
_d624_171000000000000_JUN
942 _2ddc
_cBK
999 _c546548
_d546548